00000000nam##2200000za#4500
0019.531120
003CaOODSP
00520200331230548
007ta
008150406|1998||||xxc|||||     f|0| 0 eng|d
020 |a0-660-60725-5
040 |aCaOODSP|beng
041 |aeng
041 |afre
043 |an-cn---
0861 |aBT31-4/59-1998
1101 |aCanada. |bTreasury Board.
24510|aOffice of the Commissioner for Federal Judicial Affairs
260 |aOttawa - Ontario : |bTreasury Board of Canada Secretariat |c1998.
300 |aEnglish text, 16p. : |btables ; |c28 cm.
4901 |aPerformance report for the period ending March 31, 1998
546 |aBilingual
563 |aSoftcover
590 |a98-45|b1998-11-06
7760#|tOffice of the Commissioner for Federal Judicial Affairs, performance report for the period ending March 31, 1998 |w(CaOODSP)9.568879
7760#|tBureau du Commissaire à la magistrature fédérale, rapport sur le rendement pour la période se terminant le 31 mars 1998 |w(CaOODSP)9.600141
792 |tBureau du Commissaire à la magistrature fédérale|efre|w(CaOODSP)9.531121
830#0|aPerformance report for the period ending March 31, 1998.|w(CaOODSP)9.508974